Text Book of Pharmacognosy (Record no. 13778)

MARC details
000 -LEADER
fixed length control field 00440nam a22001817a 4500
003 - CONTROL NUMBER IDENTIFIER
control field OSt
008 - FIXED-LENGTH DATA ELEMENTS--GENERAL INFORMATION
fixed length control field 260112b |||||||| |||| 00| 0 eng d
020 ## - INTERNATIONAL STANDARD BOOK NUMBER
International Standard Book Number 9789391208837
082 ## - DEWEY DECIMAL CLASSIFICATION NUMBER
Classification number 615.321 DOT
100 ## - MAIN ENTRY--PERSONAL NAME
Personal name Dohare, Sneh Lata
245 ## - TITLE STATEMENT
Title Text Book of Pharmacognosy
260 ## - PUBLICATION, DISTRIBUTION, ETC. (IMPRINT)
Place of publication, distribution, etc N.Delhi
Name of publisher, distributor, etc I.P Innovative
Date of publication, distribution, etc 2023
300 ## - PHYSICAL DESCRIPTION
Extent vi,145
650 ## - SUBJECT ADDED ENTRY--TOPICAL TERM
Topical term or geographic name as entry element Pharmacognosy
700 ## - ADDED ENTRY--PERSONAL NAME
Personal name Mathur, Riya
700 ## - ADDED ENTRY--PERSONAL NAME
Personal name Uddin, Rehan
942 ## - ADDED ENTRY ELEMENTS (KOHA)
Source of classification or shelving scheme Dewey Decimal Classification
Koha item type Text Books
Holdings
Withdrawn status Lost status Source of classification or shelving scheme Damaged status Not for loan Collection code Home library Current library Date acquired Source of acquisition Currency Cost, normal purchase price Bill Number Total Checkouts Full call number Acc. no. / Barcode Date last seen Actual Cost, discounted price Bill Date Koha item type Checked out Date last borrowed
    Dewey Decimal Classification     Diploma in Pharmacy PIET C-LIBRARY PIET C-LIBRARY 08/01/2026 Zafaa Books Distributres Indian Rup 425.00 ZBD0373   615.321 DOT DP1494 12/01/2026 318.75 04/01/2026 Reference Books    
    Dewey Decimal Classification     Diploma in Pharmacy PIET C-LIBRARY PIET C-LIBRARY 08/01/2026 Zafaa Books Distributres Indian Rup 425.00 ZBD0373 3 615.321 DOT DP1495 22/05/2026 318.75 04/01/2026 Text Books 05/06/2026 22/05/2026
    Dewey Decimal Classification     Diploma in Pharmacy PIET C-LIBRARY PIET C-LIBRARY 08/01/2026 Zafaa Books Distributres Indian Rup 425.00 ZBD0373 4 615.321 DOT DP1496 03/06/2026 318.75 04/01/2026 Text Books   22/05/2026
    Dewey Decimal Classification     Diploma in Pharmacy PIET C-LIBRARY PIET C-LIBRARY 08/01/2026 Zafaa Books Distributres Indian Rup 425.00 ZBD0373 3 615.321 DOT DP1497 22/05/2026 318.75 04/01/2026 Text Books 05/06/2026 22/05/2026
    Dewey Decimal Classification     Diploma in Pharmacy PIET C-LIBRARY PIET C-LIBRARY 08/01/2026 Zafaa Books Distributres Indian Rup 425.00 ZBD0373 2 615.321 DOT DP1498 03/06/2026 318.75 04/01/2026 Text Books   19/05/2026

Design & Developed by: PIET Central Library
R70 Miles Stone Pattikalyana Samalkha Panipat 132102
mail ID :- [email protected], Phone No:- 0180-2569700 Ex.216